000 00621nam a2200181Ia 4500
008 090124s9999 xx 000 0 und d
082 _b22832
100 _aसहस्त्रबुध्दे अनिल नागेश
245 _a डांगाणी
250 _a1
260 _bपरिमल प्रकाशन
_c1985
300 _a168
600 _aसहस्त्रबुध्दे अनिल नागेश
630 _a डांगाणी
700 _aसहस्त्रबुध्दे अनिल नागेश
730 _a डांगाणी
942 _cBOOK
999 _c91974
_d91974